| 000 | 01021cam a22002535a 4500 | ||
|---|---|---|---|
| 001 | L157862 | ||
| 008 | 130614s2012 xxk f 000 0 eng d | ||
| 020 | _a9780203103111 | ||
| 035 | _a(Sirsi) u157862 | ||
| 041 | 0 | _aeng | |
| 100 | 1 | _aDixon, Martin | |
| 245 | 0 | 0 |
_aModern Land Law _h[electronic resource] |
| 250 | _a8th ed. | ||
| 260 |
_aOxon _bRoutledge _c2012 |
||
| 300 | _aebook | ||
| 520 | _aWritten specifically for students, provides exact analysis of of all the key legal principles relating to land. Includes information about registered and unregistered land, the law of easements and profits and freehold covenants. Updated to include discussion of the most recent case law such as Berrisford v Mexfield Housing Association and Halifax v Popeck. | ||
| 590 | _aKA | ||
| 650 | 2 | 4 | _aEBOOK |
| 651 | 4 | _aUnited Kingdom | |
| 690 |
_aLand use _96251 |
||
| 690 |
_aEnvironment _96238 |
||
| 856 | 4 | 0 |
_uhttps://www.vlebooks.com/ _zView on VLEbooks. Logins for members only from [email protected] |
| 942 | _n0 | ||
| 999 |
_c115004 _d115004 |
||